[Event "Ä13Ï"]
[Site "Loo"]
[Date "2017.04.25"]
[Round "6.19"]
[White "Êóðãàíîâà, Åëåíà."]
[Black "Áàëàíäèíà, Àëèñà."]
[Result "1-0"]
[WhiteElo "1453"]
[BlackElo "1333"]
[PlyCount "95"]
[EventDate "2017.04.20"]

1. d4 Nf6 2. c4 g6 3. Nf3 Bg7 4. g3 O-O 5. Bg2 d5 6. cxd5 Nxd5 7. O-O e6 8. Nc3
Nxc3 9. bxc3 c5 10. Ba3 Nd7 11. e4 Qa5 12. Bb2 b6 13. Nd2 Bb7 14. Re1 Qb5 15.
Qb3 Qxb3 16. axb3 cxd4 17. cxd4 Rfc8 18. Rec1 Rxc1+ 19. Rxc1 Rc8 20. Rxc8+ Bxc8
21. Nc4 f6 22. Bf1 Ba6 23. f3 Bxc4 24. Bxc4 Kf7 25. f4 Ke7 26. Ba3+ Kf7 27. f5
gxf5 28. exf5 Nf8 29. Bxf8 Kxf8 30. fxe6 Ke7 31. Kf2 b5 32. Bxb5 Kxe6 33. Bc4+
Kd6 34. Ke3 a5 35. Bg8 h6 36. Kf4 Ke7 37. d5 Kd6 38. Kf5 Ke7 39. Kg6 Bf8 40.
Be6 Kd6 41. Kxf6 Kc5 42. Bf7 Kb4 43. Bg8 Bd6 44. Ke6 Kc5 45. Bf7 Bf8 46. g4 Bd6
47. h4 Bg3 48. g5 1-0

[Event "Ä13Ï"]
[Site "Loo"]
[Date "2017.04.25"]
[Round "6.20"]
[White "Ïåòðîâà, Àíæåëèêà."]
[Black "Òóëàåâà, Ìàðèÿ."]
[Result "1/2-1/2"]
[WhiteElo "1241"]
[BlackElo "1418"]
[PlyCount "89"]
[EventDate "2017.04.20"]

1. d4 Nf6 2. c4 g6 3. Nc3 Bg7 4. e4 d6 5. Nf3 O-O 6. Be2 Nbd7 7. Bf4 Re8 8. O-O
Nh5 9. Bg5 h6 10. Bh4 Nhf6 11. h3 e5 12. d5 a5 13. a3 g5 14. Bg3 Nc5 15. Nd2 a4
16. Re1 Bd7 17. Bf1 c6 18. b4 axb3 19. Nxb3 Nxb3 20. Qxb3 Qc7 21. Rec1 c5 22.
Rab1 Ra7 23. Qb6 Qxb6 24. Rxb6 Bf8 25. f3 Nh5 26. Bf2 Nf4 27. Ra1 Rea8 28. Nb5
Bxb5 29. Rxb5 Rxa3 30. Rxa3 Rxa3 31. Rxb7 Ra1 32. Be3 Ne2+ 33. Kf2 Nd4 34. Rb2
Ra3 35. g3 Rc3 36. Bxd4 cxd4 37. Rd2 Be7 38. Rd1 Bd8 39. f4 gxf4 40. gxf4 Rc2+
41. Be2 f6 42. f5 Bb6 43. Kf1 Rc3 44. Rd3 Rxd3 45. Bxd3 1/2-1/2

[Event "Ä13Ï"]
[Site "Loo"]
[Date "2017.04.25"]
[Round "6.21"]
[White "Îéäóï, Àðñåíèÿ."]
[Black "Ìíåÿí, Ðèïñèìå."]
[Result "1-0"]
[WhiteElo "1401"]
[BlackElo "1345"]
[PlyCount "91"]
[EventDate "2017.04.20"]

1. e4 e5 2. Nf3 Nc6 3. Bb5 a6 4. Ba4 Nf6 5. O-O Be7 6. Re1 b5 7. Bb3 O-O 8. c3
d5 9. exd5 Nxd5 10. Nxe5 Nxe5 11. Rxe5 Bb7 12. d4 Bd6 13. Re1 Qh4 14. h3 Rfe8
15. Bxd5 Bxd5 16. Be3 Qe4 17. f3 Qg6 18. Nd2 h6 19. b3 Qg3 20. Nf1 Qg6 21. Rc1
Re6 22. c4 bxc4 23. bxc4 Bb7 24. d5 Re7 25. c5 Bg3 26. Re2 Rd8 27. c6 Bxc6 28.
Rxc6 Qxc6 29. Nxg3 Rxd5 30. Rd2 Rde5 31. Rd8+ Kh7 32. Qd3+ Qg6 33. Qxg6+ fxg6
34. Bd4 Ra5 35. a3 Re1+ 36. Kf2 Re7 37. Bb2 c5 38. Ne4 g5 39. Rc8 Rb5 40. Bc3
Rb3 41. Rxc5 Rxa3 42. Rc6 Ra2+ 43. Kg3 h5 44. Nxg5+ Kg8 45. Rc8+ Re8 46. Rxe8#
1-0

[Event "Ä13Ï"]
[Site "Loo"]
[Date "2017.04.25"]
[Round "6.22"]
[White "Ïàõîìîâà, Òàòüÿíà."]
[Black "Çàðêîâà, Åëèçàâåòà."]
[Result "1/2-1/2"]
[WhiteElo "1394"]
[BlackElo "1290"]
[PlyCount "52"]
[EventDate "2017.04.20"]

1. e4 e5 2. Nf3 Nc6 3. Bc4 Bc5 4. c3 Nf6 5. d4 exd4 6. cxd4 Bb4+ 7. Nc3 Nxe4 8.
O-O Bxc3 9. d5 Bf6 10. Re1 Ne7 11. Rxe4 d6 12. Bg5 Bxg5 13. Nxg5 O-O 14. Nxh7
Kxh7 15. Qh5+ Kg8 16. Rh4 f6 17. Bd3 f5 18. Rh3 Nxd5 19. Qh8+ Kf7 20. Qh5+ g6
21. Qh7+ Kf6 22. Qh4+ Kf7 23. Qh7+ Kf6 24. Qh4+ Kf7 25. Qh7+ Kf6 26. Qh4+ Kf7
1/2-1/2

[Event "Ä13Ï"]
[Site "Loo"]
[Date "2017.04.25"]
[Round "6.23"]
[White "Çàáàâñêàÿ, Äàðèÿ."]
[Black "Õîþð-Îîë, Àðûÿíà."]
[Result "1/2-1/2"]
[WhiteElo "1220"]
[BlackElo "1391"]
[PlyCount "88"]
[EventDate "2017.04.20"]

1. Nf3 d5 2. g3 Nf6 3. Bg2 Bg4 4. d4 e6 5. O-O Bd6 6. Nbd2 O-O 7. c4 c6 8. b3
Re8 9. Bb2 Nbd7 10. Ne5 Bh5 11. Re1 Ng4 12. Nxg4 Bxg4 13. f3 Bh5 14. e4 dxe4
15. Nxe4 Bc7 16. d5 Bb6+ 17. c5 Nxc5 18. Kh1 Nxe4 19. Rxe4 exd5 20. Rxe8+ Qxe8
21. Qd2 Qe3 22. Qxe3 Bxe3 23. Re1 Bc5 24. a3 h6 25. b4 Bb6 26. Re7 Rd8 27. a4
d4 28. Bc1 d3 29. Bd2 Kf8 30. Re1 Re8 31. Rxe8+ Kxe8 32. g4 Bg6 33. f4 f5 34.
g5 hxg5 35. fxg5 Bc7 36. Bf1 f4 37. Kg2 Ke7 38. Kf3 Ke6 39. Bh3+ Kd5 40. Bg4
Be5 41. Kf2 Kc4 42. Be6+ Kd4 43. Bg4 Kc4 44. Be6+ {äàëåå çàïèñü íåðàçáîð~~èâà}
Kd4 1/2-1/2

[Event "Ä13Ï"]
[Site "Loo"]
[Date "2017.04.25"]
[Round "6.24"]
[White "Àí÷èêîâà, Îëüãà."]
[Black "×àðêèíà, Ìàðèÿ."]
[Result "1-0"]
[WhiteElo "1367"]
[BlackElo "1151"]
[PlyCount "95"]
[EventDate "2017.04.20"]

1. d4 d5 2. c4 c6 3. e3 Nf6 4. Nf3 Bf5 5. Nc3 e6 6. Nh4 Bg4 7. Qb3 Qb6 8. h3
Qxb3 9. axb3 Bh5 10. g4 Bg6 11. Nxg6 hxg6 12. Bg2 Bd6 13. f4 Nbd7 14. c5 Bc7
15. b4 b6 16. Bd2 b5 17. Ra6 Nb8 18. Ra3 Nbd7 19. Ke2 a6 20. Rha1 Nb8 21. e4
dxe4 22. Nxe4 Nxe4 23. Bxe4 Kd7 24. Rf3 Ke7 25. f5 gxf5 26. gxf5 exf5 27. Bxf5
Rh5 28. Bg4 Rd5 29. Kd3 Nd7 30. Re1+ Kf8 31. Be6 Ne5+ 32. Rxe5 Bxe5 33. Bxd5
cxd5 34. dxe5 Ke7 35. Kd4 Ke6 36. c6 Rc8 37. Rc3 f6 38. exf6 Kxf6 39. c7 Ke6
40. Bf4 g6 41. Rc6+ Kd7 42. Rb6 Ke7 43. Rb8 Rxb8 44. cxb8=Q Kf7 45. Bg5 a5 46.
Qc7+ Kg8 47. Bf6 g5 48. Qg7# 1-0

[Event "Ä13Ï"]
[Site "Loo"]
[Date "2017.04.25"]
[Round "6.25"]
[White "Ñîáëèðîâà, Ñàáèíà."]
[Black "Êîñà÷åâà, Êðèñòèíà."]
[Result "1/2-1/2"]
[WhiteElo "1114"]
[BlackElo "1364"]
[PlyCount "88"]
[EventDate "2017.04.20"]

1. d4 Nf6 2. Nf3 e6 3. e3 b6 4. Bd3 Bb7 5. O-O Be7 6. c4 O-O 7. Nc3 d5 8. cxd5
exd5 9. Qe2 Nbd7 10. Nd2 c5 11. dxc5 bxc5 12. b3 Qb6 13. Bb2 Ne5 14. Nxd5 Nxd5
15. Bxe5 Nb4 16. Bf5 Bf6 17. Bxf6 Qxf6 18. Qg4 Ba6 19. Ne4 Qe5 20. Rfc1 Nd3 21.
Rcb1 Rab8 22. Qg5 c4 23. f4 h6 24. Qh5 Qe7 25. bxc4 Bxc4 26. Rd1 Rb6 27. Qg4 g6
28. Qg3 Kh8 29. Nd2 Nb2 30. Nxc4 Nxd1 31. Nxb6 axb6 32. Rxd1 gxf5 33. Qh3 Qe6
34. Rb1 Ra8 35. Rb2 Ra3 36. Re2 b5 37. Kf2 Rxa2 38. Rxa2 Qxa2+ 39. Kg3 Qe6 40.
Kf2 b4 41. Qh4 b3 42. Qd8+ Kh7 43. Qd3 Kg6 44. Qb5 h5 1/2-1/2

[Event "Ä13Ï"]
[Site "Loo"]
[Date "2017.04.25"]
[Round "6.26"]
[White "Àéðàïåòÿí, Àíæåëèêà."]
[Black "Äåíùèê, Àëåêñàíäðà."]
[Result "1/2-1/2"]
[WhiteElo "1362"]
[BlackElo "1266"]
[PlyCount "115"]
[EventDate "2017.04.20"]

1. e4 d5 2. exd5 Qxd5 3. Nc3 Qa5 4. d4 Nf6 5. Nf3 Bg4 6. h3 Bxf3 7. Qxf3 c6 8.
Bc4 e6 9. O-O Nbd7 10. Re1 Bd6 11. Bd2 Qc7 12. Ne4 Nxe4 13. Qxe4 Nf6 14. Qe3
O-O 15. c3 Rfe8 16. Qd3 Rad8 17. Qf3 c5 18. dxc5 Bh2+ 19. Kh1 Rxd2 20. g3 Bxg3
21. fxg3 Rxb2 22. Bb3 Rd2 23. Rad1 Rxd1 24. Rxd1 Qxc5 25. Qxb7 Qxc3 26. Ba4 Rf8
27. Qxa7 Qf3+ 28. Kh2 Qe2+ 29. Kg1 Qxa2 30. Qd4 Qd5 31. Qa7 Qe5 32. Kg2 Qe2+
33. Kg1 Qf3 34. Kh2 Ne4 35. Rg1 Qe2+ 36. Rg2 Qc4 37. Bc2 Ng5 38. Qe3 h6 39. h4
Nh7 40. g4 Nf6 41. Qh3 Qf4+ 42. Kh1 Ne4 43. Kg1 Ra8 44. Qd3 Ra1+ 45. Bd1 Qd6
46. Qxd6 Nxd6 47. Rd2 Nc4 48. Rd8+ Kh7 49. Kf2 Ra2+ 50. Kg3 Rd2 51. Rxd2 Nxd2
52. Bc2+ g6 53. h5 f5 54. hxg6+ Kxg6 55. gxf5+ exf5 56. Kf4 Ne4 57. Bxe4 fxe4
58. Kxe4 1/2-1/2

[Event "Ä13Ï"]
[Site "Loo"]
[Date "2017.04.25"]
[Round "6.28"]
[White "Êóëìàãàìáåòîâà, Àéøà."]
[Black "Îíäàð, Øóðó."]
[Result "0-1"]
[WhiteElo "1289"]
[BlackElo "1449"]
[PlyCount "120"]
[EventDate "2017.04.20"]

1. c4 e6 2. d4 d5 3. e3 c6 4. Nc3 Bd6 5. Nf3 f5 6. Be2 Nf6 7. Bd2 Nbd7 8. O-O
O-O 9. a3 Ne4 10. h3 Qe7 11. Nh2 Bxh2+ 12. Kxh2 Ndf6 13. f3 Qd6+ 14. Kg1 Ng3
15. Re1 Nd7 16. c5 Qe7 17. b4 Rf6 18. e4 Rg6 19. e5 Qh4 20. f4 Nxe2+ 21. Qxe2
Qxh3 22. Qf2 Qh5 23. Qe2 Rg4 24. Qf3 Qg6 25. Kf1 b6 26. Be3 Ba6+ 27. Ne2 Bd3
28. g3 Rxg3 29. Qf2 Rg4 30. Red1 Be4 31. Ke1 h5 32. Kd2 Rg2 33. Qh4 Bf3 34. Re1
Rxe2+ 35. Rxe2 Bxe2 36. Kxe2 Qg4+ 37. Qxg4 fxg4 38. Kf2 Kh7 39. Kg3 Kg6 40. Rh1
bxc5 41. dxc5 Rh8 42. a4 a5 43. b5 Rf8 44. b6 Rb8 45. Bd4 Rb7 46. Rc1 Rb8 47.
Rb1 Kf5 48. Re1 Nf8 49. Bc3 Nd7 50. Bd4 Rb7 51. Re2 Nb8 52. Bc3 Na6 53. Bd4 g6
54. Re1 Nb4 55. Re2 Nd3 56. Be3 Rh7 57. Bd4 h4+ 58. Kg2 g3 59. Kg1 Kxf4 60. Re3
h3 0-1

[Event "Ä13Ï"]
[Site "Loo"]
[Date "2017.04.25"]
[Round "6.29"]
[White "Áî÷àðîâà, Äàðüÿ."]
[Black "Êèñåëåâà, Àëèíà."]
[Result "0-1"]
[WhiteElo "1094"]
[BlackElo "1377"]
[PlyCount "106"]
[EventDate "2017.04.20"]

1. e4 e5 2. Nf3 Nc6 3. Bc4 Bc5 4. c3 Nf6 5. O-O O-O 6. d4 exd4 7. cxd4 Bb4 8.
d5 Na5 9. Bd3 Be7 10. a3 b6 11. Nc3 d6 12. Be2 Nb7 13. e5 dxe5 14. Nxe5 Qd6 15.
Nc4 Qd7 16. Ne5 Qf5 17. Nc6 Bd6 18. Bf3 Nd8 19. Nb5 Qd7 20. Ncxa7 Ba6 21. Be2
Re8 22. Re1 Nxd5 23. Qxd5 Bxh2+ 24. Kxh2 Qxd5 25. Bf3 Qd7 26. Rd1 Qe7 27. Bxa8
Qe5+ 28. Kg1 Bxb5 29. Nxb5 Qxb5 30. Be3 c6 31. Rac1 Qa4 32. Bxc6 Nxc6 33. Bxb6
h6 34. Rd6 Nb8 35. Rcd1 Kh7 36. Bc7 Qa7 37. Bxb8 Qxb8 38. b4 Qa8 39. Ra1 Qa4
40. Rb6 Qa7 41. Rc6 Re2 42. Rc5 Qb7 43. b5 Qb6 44. Rac1 Ra2 45. R1c3 Ra1+ 46.
Kh2 Qd6+ 47. Kh3 Qd1 48. f4 Qd7+ 49. Kg3 h5 50. f5 h4+ 51. Kg4 Qd4+ 52. Kg5 f6+
53. Kh5 Qf4 0-1

[Event "Ä13Ï"]
[Site "Loo"]
[Date "2017.04.25"]
[Round "6.30"]
[White "Ãóðîâà, Òàòüÿíà."]
[Black "Áîæåíîâà, Âåðîíèêà."]
[Result "1/2-1/2"]
[WhiteElo "1348"]
[BlackElo "1283"]
[PlyCount "96"]
[EventDate "2017.04.20"]

1. e4 c5 2. Nc3 Nc6 3. g3 g6 4. Bg2 Bg7 5. d3 Nf6 6. f4 d6 7. Nf3 O-O 8. O-O
Ne8 9. h3 f5 10. Be3 Nf6 11. exf5 Bxf5 12. g4 Bd7 13. Rb1 Rc8 14. Ne2 a6 15.
Ng3 Nd5 16. Qc1 Nxe3 17. Qxe3 Nb4 18. c3 Nd5 19. Qd2 Nxf4 20. Ng5 Nxg2 21. Qxg2
Bc6 22. Qe2 Qd7 23. Ne6 Rxf1+ 24. Rxf1 Be5 25. Nf4 g5 26. Nfh5 b5 27. Qf2 Qe6
28. Nf5 Rf8 29. Qd2 h6 30. h4 Be8 31. hxg5 Bxh5 32. Nxh6+ Kg7 33. Rxf8 Kxf8 34.
gxh5 Qxa2 35. Ng4 Qe6 36. Qf2+ Kg7 37. Nxe5 Qxe5 38. h6+ Kg6 39. Qh4 Qe3+ 40.
Kg2 Qe2+ 41. Qf2 Qg4+ 42. Qg3 Qe2+ 43. Kg1 Qd1+ 44. Kg2 Qe2+ 45. Kh3 Qh5+ 46.
Qh4 Qf3+ 47. Qg3 Qh5+ 48. Kg2 Qe2+ 1/2-1/2

[Event "Ä13Ï"]
[Site "Loo"]
[Date "2017.04.25"]
[Round "6.31"]
[White "Èâàíîâà, Äàðüÿ."]
[Black "Øïóíò, Åëåíà."]
[Result "1-0"]
[WhiteElo "1224"]
[BlackElo "1346"]
[PlyCount "77"]
[EventDate "2017.04.20"]

1. e4 e5 2. Nf3 Nc6 3. Bc4 Bc5 4. d3 d6 5. h3 h6 6. O-O Be6 7. Bb3 Nf6 8. Nc3
O-O 9. Na4 Bb6 10. Nxb6 axb6 11. Be3 d5 12. exd5 Nxd5 13. Bd2 Qf6 14. Nh2 Qg6
15. Nf3 Bxh3 16. Nh4 Qd6 17. gxh3 Nf6 18. a3 Ne7 19. Qf3 Qd4 20. Ng2 Kh8 21.
Bc3 Qd6 22. Qxb7 Ned5 23. Bxd5 Nxd5 24. Bb4 c5 25. c4 Ne7 26. Bc3 Nc6 27. Qxb6
Qd7 28. Qxc5 Rfe8 29. Rae1 f6 30. Qe3 Ne7 31. Nh4 Ra6 32. d4 exd4 33. Bxd4 Raa8
34. Qc3 Red8 35. Bxf6 Rdc8 36. Bxe7 Kh7 37. Bb4 Re8 38. Re3 Rg8 39. Qc2+ 1-0

[Event "Ä13Ï"]
[Site "Loo"]
[Date "2017.04.25"]
[Round "6.32"]
[White "Ïîêàñîâà, Èðèíà."]
[Black "Àðåôüåâà, Îëüãà."]
[Result "1/2-1/2"]
[WhiteElo "1298"]
[BlackElo "1212"]
[PlyCount "72"]
[EventDate "2017.04.20"]

1. e4 c5 2. Nf3 d6 3. d4 cxd4 4. Nxd4 Nf6 5. Nc3 g6 6. f3 Bg7 7. Be3 O-O 8. Qd2
Nc6 9. O-O-O Bd7 10. g4 Rc8 11. h4 Ne5 12. h5 Nc4 13. Bxc4 Rxc4 14. hxg6 fxg6
15. Bh6 Rf7 16. Bxg7 Rxg7 17. Nb3 Qc7 18. g5 Nh5 19. e5 Rc6 20. exd6 Rxd6 21.
Qe3 Bc6 22. Rxd6 Qxd6 23. Rd1 Qf4 24. Qxf4 Nxf4 25. Nd4 Bd7 26. Re1 Nh3 27. Ne4
Rf7 28. Nc5 Bc8 29. Re5 b6 30. Nd3 Bb7 31. Ne1 Ng1 32. Re3 Nh3 33. Re5 Ng1 34.
Re3 Nh3 35. Re5 Ng1 36. Re3 Nh3 1/2-1/2

[Event "Ä13Ï"]
[Site "Loo"]
[Date "2017.04.25"]
[Round "6.33"]
[White "Ìîõàììàä, Äàðèíà."]
[Black "Êîðæîâà, Ëèäèÿ."]
[Result "0-1"]
[WhiteElo "1211"]
[BlackElo "1295"]
[PlyCount "70"]
[EventDate "2017.04.20"]

1. d4 d5 2. Bf4 Nf6 3. e3 Bf5 4. Bd3 e6 5. Bxf5 exf5 6. Nf3 Nc6 7. c3 Bd6 8.
Bxd6 Qxd6 9. Nbd2 Ne4 10. h3 h5 11. Qc2 O-O-O 12. O-O-O Nxf2 13. Rhf1 Nxd1 14.
Rxd1 g6 15. Ng5 Qf6 16. h4 Qe7 17. Re1 f6 18. Ngf3 Rd6 19. Qd3 Re6 20. Nf1 a6
21. a3 Na5 22. b4 Nc4 23. a4 a5 24. bxa5 Qa3+ 25. Kd1 Nb2+ 26. Kd2 Nxd3 27.
Kxd3 Rc6 28. Ke2 Rxc3 29. Kf2 Rc2+ 30. Kg1 Qa2 31. N3h2 Rxg2+ 32. Kh1 Qf2 33.
Nf3 Qxf3 34. Nh2 Qh3 35. a6 Qxh2# 0-1

[Event "Ä13Ï"]
[Site "Loo"]
[Date "2017.04.25"]
[Round "6.34"]
[White "Êèðüÿíîâà, Åâãåíèÿ."]
[Black "Íîâîæèëîâà, Ïîëèíà."]
[Result "0-1"]
[WhiteElo "1198"]
[BlackElo "1559"]
[PlyCount "70"]
[EventDate "2017.04.20"]

1. c4 d5 2. cxd5 Nf6 3. g3 Nxd5 4. Bg2 c6 5. Nc3 Nxc3 6. bxc3 Bf5 7. e4 Be6 8.
d4 Bc4 9. Ne2 e6 10. O-O Be7 11. f4 Nd7 12. e5 Nb6 13. f5 exf5 14. Rxf5 O-O 15.
Rf2 Nd5 16. Qc2 c5 17. Be4 h6 18. Bd2 Rc8 19. h4 Bxe2 20. Rxe2 cxd4 21. c4 Nb6
22. Bd3 Nxc4 23. Bxc4 b5 24. Bxf7+ Rxf7 25. Qg6 d3 26. Re3 Bc5 27. Kh2 Bxe3 28.
Bxe3 d2 29. Rd1 Rc1 30. Qg4 Rf1 31. Rxf1 Rxf1 32. Kg2 d1=Q 33. Qe6+ Kh8 34.
Bxh6 Q8d2+ 35. Kh3 Rh1# 0-1

[Event "Ä13Ï"]
[Site "Loo"]
[Date "2017.04.25"]
[Round "6.35"]
[White "Ïåõîòî, Àëåêñàíäðà."]
[Black "Ãóíüêî, Âàëåðèÿ."]
[Result "0-1"]
[WhiteElo "1101"]
[BlackElo "1371"]
[PlyCount "100"]
[EventDate "2017.04.20"]

1. e4 c5 2. Nf3 Nc6 3. d4 cxd4 4. Nxd4 d6 5. Nc3 Nf6 6. f3 g6 7. Be3 Bg7 8. Qd2
Bd7 9. O-O-O a6 10. g4 Qc7 11. h4 O-O-O 12. Bh6 Bxh6 13. Qxh6 Kb8 14. g5 Nh5
15. Be2 Rde8 16. Rdf1 Ng3 17. Rfg1 Nxh1 18. Rxh1 Nxd4 19. Bd1 Nc6 20. Qg7 Ref8
21. h5 Qd8 22. hxg6 hxg6 23. Rxh8 Rxh8 24. Qxf7 Qe8 25. Qf4 Qf8 26. Qe3 Be6 27.
Be2 Qd8 28. Qf4 Nd4 29. e5 Nxe2+ 30. Nxe2 Rf8 31. Qe3 Rh8 32. Kb1 Qa5 33. Qa3
Qxa3 34. bxa3 dxe5 35. f4 exf4 36. Nxf4 Bf5 37. Nd5 e6 38. Nb6 Kc7 39. Nc4 Rc8
40. Ne3 Kd6 41. Kc1 Ke5 42. Kd2 Kf4 43. Nxf5 exf5 44. Kd3 Kxg5 45. c4 f4 46.
Kd4 f3 47. c5 f2 48. Kd5 f1=Q 49. a4 Rd8+ 50. Ke5 Qe1# 0-1

[Event "Ä13Ï"]
[Site "Loo"]
[Date "2017.04.25"]
[Round "6.36"]
[White "Ìóñòàôèíà, Þëèàíà."]
[Black "Ñîêîëîâà, Åêàòåðèíà."]
[Result "1-0"]
[WhiteElo "1361"]
[BlackElo "1125"]
[PlyCount "80"]
[EventDate "2017.04.20"]

1. e4 c5 2. c3 Nf6 3. e5 Nd5 4. d4 cxd4 5. Qxd4 e6 6. Nf3 Qc7 7. Nbd2 Nc6 8.
Qe4 d6 9. exd6 Bxd6 10. Bd3 Nf4 11. Bf1 Nd5 12. Nc4 Nf6 13. Nxd6+ Qxd6 14. Qc2
O-O 15. Be2 Qc7 16. O-O b6 17. Bg5 Nd5 18. Qe4 Bb7 19. Bd3 g6 20. Bh6 Rfe8 21.
Bc4 Nde7 22. Qg4 Nf5 23. Bf4 Qe7 24. Qg5 Qxg5 25. Nxg5 Na5 26. Be2 Red8 27.
Rad1 h6 28. Nf3 g5 29. Be5 Rdc8 30. Nd4 Nh4 31. g3 Ng6 32. Bf6 Re8 33. Nb5 Rec8
34. Nd6 Rc7 35. b4 Nc6 36. Nxb7 Nxb4 37. cxb4 Rc2 38. Bf3 Rxa2 39. Rd8+ Rxd8
40. Nxd8 Rb2 1-0

[Event "Ä13Ï"]
[Site "Loo"]
[Date "2017.04.25"]
[Round "6.37"]
[White "Ñóìàðîêîâà, Âåðà."]
[Black "Áåëîçåðîâà, Îëüãà."]
[Result "1-0"]
[WhiteElo "1300"]
[BlackElo "1111"]
[PlyCount "61"]
[EventDate "2017.04.20"]

1. e4 e6 2. d4 d5 3. e5 c5 4. c3 Nc6 5. Nf3 Nge7 6. a3 Nf5 7. b4 cxd4 8. cxd4
Qb6 9. Bb2 a5 10. b5 Na7 11. a4 Bb4+ 12. Nc3 O-O 13. Be2 f6 14. O-O fxe5 15.
dxe5 Bxc3 16. Bxc3 Qc7 17. Rc1 b6 18. Bb4 Qxc1 19. Qxc1 axb4 20. Qb2 Bb7 21.
Qxb4 Rad8 22. Nd4 Rde8 23. Rc1 Nxd4 24. Qxd4 Nc8 25. Rc7 Ba8 26. Bh5 g6 27. Bg4
Rf7 28. Rxf7 Kxf7 29. Qf4+ Kg8 30. Qf6 Ne7 31. Bxe6# 1-0

[Event "Ä13Ï"]
[Site "Loo"]
[Date "2017.04.25"]
[Round "6.39"]
[White "Âîëîáóåâà, Àíàñòàñèÿ."]
[Black "Øåâöîâà, Ñòåôàíèÿ."]
[Result "1-0"]
[WhiteElo "1137"]
[BlackElo "1096"]
[PlyCount "121"]
[EventDate "2017.04.20"]

1. e4 e5 2. Nf3 Nc6 3. d4 exd4 4. Bc4 Be7 5. O-O d6 6. h3 Nf6 7. Re1 O-O 8.
Nxd4 Nd7 9. c3 Bf6 10. Nf3 Nde5 11. Bb3 Re8 12. Nbd2 Bd7 13. Nxe5 Nxe5 14. Nf3
Bc6 15. Bc2 d5 16. Bf4 Nc4 17. e5 Be7 18. b3 Na3 19. Bd3 Bc5 20. Bc1 Nb5 21.
Qc2 Kh8 22. a4 d4 23. Bxb5 Bxb5 24. axb5 d3 25. Qd2 Qd7 26. c4 Rad8 27. Ba3 Bd4
28. Rad1 h6 29. Kf1 Bb6 30. c5 Bxc5 31. Bxc5 Qxb5 32. Bb4 c5 33. Bc3 Qxb3 34.
Qb2 Qc4 35. Kg1 b5 36. Rc1 Qd5 37. Qxb5 c4 38. Qxd5 Rxd5 39. Ra1 Ra8 40. e6
fxe6 41. Rxe6 a5 42. Rxh6+ Kg8 43. Rb6 Kf7 44. Rb7+ Ke6 45. Rxg7 Kd6 46. Rg6+
Kc5 47. Rxa5+ Rxa5 48. Bxa5 Kb5 49. Bc3 Ka4 50. Rb6 Rb5 51. Rxb5 Kxb5 52. Nd4+
Ka4 53. f4 d2 54. Bxd2 c3 55. Bc1 Kb4 56. f5 Kc4 57. Ne2 c2 58. f6 Kd3 59. f7
Kxe2 60. f8=Q Kd1 61. Qf1# 1-0

[Event "Ä13Ï"]
[Site "Loo"]
[Date "2017.04.25"]
[Round "6.40"]
[White "Ëóá÷åíêîâà, Àíàñòàñèÿ."]
[Black "Îëåíèíà, Àë¸íà."]
[Result "1-0"]
[WhiteElo "1413"]
[BlackElo "1126"]
[PlyCount "111"]
[EventDate "2017.04.20"]

1. e4 d5 2. exd5 Qxd5 3. Nc3 Qa5 4. Bc4 Nf6 5. d3 Bg4 6. f3 Bh5 7. Bd2 e6 8.
Nge2 Bc5 9. Ne4 Qb6 10. Nxf6+ gxf6 11. Rb1 Nd7 12. c3 Bg6 13. b4 Bd6 14. h4 h5
15. Bf4 O-O-O 16. Bg3 Kb8 17. Bf2 c5 18. bxc5 Qc6 19. cxd6 Qxd6 20. Bg3 e5 21.
Rb2 Nb6 22. Rd2 Qc6 23. Bb3 Rd7 24. a4 a5 25. O-O Rhd8 26. d4 Ka8 27. f4 exd4
28. Rxd4 Rxd4 29. cxd4 Be4 30. Rf2 Rd7 31. Qd2 f5 32. Nc3 Nc4 33. Bxc4 Qxc4 34.
Nxe4 fxe4 35. Qxa5+ Qa6 36. Qxa6+ bxa6 37. Rd2 f5 38. Bf2 Rd5 39. Rb2 Ka7 40.
Kf1 Ra5 41. Rb4 Rd5 42. Ke2 a5 43. Rb2 Rd6 44. Rb5 Ka6 45. Rxf5 Rh6 46. Ke3 Re6
47. Re5 Rh6 48. Kxe4 Rh7 49. Re6+ Ka7 50. d5+ Kb7 51. f5 Rd7 52. f6 Rf7 53. Ke5
Rd7 54. Re7 Rxe7+ 55. fxe7 Ka6 56. e8=Q 1-0

[Event "Ä13Â"]
[Site "Loo"]
[Date "2017.04.25"]
[Round "6.1"]
[White "Ìèðîíåíêî, Ãàëèíà."]
[Black "Ñîâèíà, Ìàðèÿ."]
[Result "0-1"]
[WhiteElo "1956"]
[BlackElo "1734"]
[PlyCount "52"]
[EventDate "2017.04.20"]

1. e4 c5 2. Nf3 Nc6 3. d4 cxd4 4. Nxd4 Qc7 5. Nc3 e6 6. Be3 a6 7. Qe2 Nf6 8.
Nxc6 bxc6 9. g3 Rb8 10. Rb1 Bb4 11. Bd2 d5 12. e5 Bxc3 13. Bxc3 Ne4 14. Qd3 Qb6
15. Qf3 c5 16. Bg2 d4 17. Qxe4 Bb7 18. Qg4 Bxg2 19. Rg1 Qc6 20. Bd2 Bf3 21. Qf4
g5 22. Qf6 Qe4+ 23. Be3 Rg8 24. Kf1 dxe3 25. fxe3 Qc4+ 26. Kf2 Qe2# 0-1

[Event "Ä13Â"]
[Site "Loo"]
[Date "2017.04.25"]
[Round "6.2"]
[White "Ñòåïàíÿí, Ýâà."]
[Black "Ìàëüöåâà, Åêàòåðèíà."]
[Result "1-0"]
[WhiteElo "1938"]
[BlackElo "1671"]
[PlyCount "87"]
[EventDate "2017.04.20"]

1. e4 c5 2. Nf3 d6 3. d4 cxd4 4. Nxd4 Nf6 5. Nc3 g6 6. Be3 Bg7 7. f3 O-O 8. Qd2
Nc6 9. O-O-O Nxd4 10. Bxd4 Be6 11. Kb1 a6 12. h4 Rc8 13. h5 b5 14. hxg6 fxg6
15. Nd5 Bxd5 16. exd5 Qd7 17. g3 Qb7 18. Bh3 Qxd5 19. Bxf6 Qxd2 20. Be6+ Kh8
21. Bxg7+ Kxg7 22. Rxd2 Rc5 23. f4 Rf6 24. Bb3 e5 25. fxe5 dxe5 26. Rd7+ Kf8
27. Rdxh7 Ke8 28. Kc1 e4 29. Re1 Re5 30. Re3 g5 31. Rh2 Rf3 32. Rhe2 Rxe3 33.
Rxe3 Ke7 34. c3 Kd6 35. Kd2 Kc5 36. Ke2 a5 37. a4 b4 38. cxb4+ axb4 39. Bc2 Kd4
40. a5 Rxa5 41. Rxe4+ Kc5 42. Re5+ Kb6 43. Rxa5 Kxa5 44. b3 1-0

[Event "Ä13Â"]
[Site "Loo"]
[Date "2017.04.25"]
[Round "6.3"]
[White "Õóðõåñîâà, Âèêòîðèÿ."]
[Black "ßêèìîâà, Ìàðèÿ."]
[Result "1-0"]
[WhiteElo "1694"]
[BlackElo "1730"]
[PlyCount "87"]
[EventDate "2017.04.20"]

1. d4 e6 2. c4 Nf6 3. g3 d5 4. Nf3 b6 5. Bg2 Bb7 6. O-O Be7 7. Qc2 O-O 8. Nc3
c5 9. cxd5 exd5 10. dxc5 bxc5 11. Rd1 Nbd7 12. Qb3 Qb6 13. Bf4 Qxb3 14. axb3 a6
15. Ne1 Rfc8 16. Nxd5 Bxd5 17. Bxd5 Nxd5 18. Rxd5 Nb6 19. Rdd1 c4 20. Be3 Rc6
21. Rdc1 Bf6 22. Rc2 Kf8 23. bxc4 Nxc4 24. Rac1 Bxb2 25. Rxb2 Nxb2 26. Rxc6 a5
27. Bc5+ Ke8 28. Ba3 Na4 29. Nd3 f6 30. Re6+ Kd7 31. Re7+ Kc6 32. Rxg7 Nc3 33.
Nf4 Kb5 34. Bb2 Ne4 35. Rxh7 a4 36. f3 Nc5 37. Rh5 Kc4 38. h4 Kb3 39. Bxf6 Nd7
40. Be7 Nb8 41. Rb5+ Ka2 42. Nd3 Nc6 43. Nc1+ Ka1 44. Bf6+ 1-0

[Event "Ä13Â"]
[Site "Loo"]
[Date "2017.04.25"]
[Round "6.4"]
[White "Êóçíåöîâà, Ìàðèíà."]
[Black "Íóð-Ìóõàìåòîâà, Àëèñà."]
[Result "1/2-1/2"]
[WhiteElo "1649"]
[BlackElo "1723"]
[PlyCount "103"]
[EventDate "2017.04.20"]

1. e4 c5 2. Nf3 d6 3. Bb5+ Nd7 4. d4 cxd4 5. Qxd4 a6 6. Bxd7+ Bxd7 7. Nc3 Nf6
8. Bg5 e6 9. e5 dxe5 10. Nxe5 Be7 11. Nxd7 Qxd7 12. Bxf6 Bxf6 13. Qxd7+ Kxd7
14. O-O-O+ Kc7 15. Ne4 Be7 16. Rd3 b5 17. Rhd1 Rhd8 18. f4 Rxd3 19. Rxd3 Rd8
20. Kd2 Rxd3+ 21. Kxd3 f5 22. Nd2 g5 23. g3 gxf4 24. gxf4 Bd6 25. Ke3 e5 26.
Nf3 Bc5+ 27. Ke2 exf4 28. Ng5 Bd6 29. Kf3 h5 30. Ne6+ Kd7 31. Nxf4 h4 32. Ng2
Bxh2 33. Nxh4 Ke6 34. Ng2 Ke5 35. Ne1 a5 36. Nd3+ Kd4 37. Nc1 a4 38. Nd3 Bd6
39. a3 Bxa3 40. bxa3 Kc3 41. Kf4 Kxc2 42. Ke3 Kb3 43. Kd4 Kxa3 44. Kc3 f4 45.
Nxf4 b4+ 46. Kc2 Ka2 47. Nd3 b3+ 48. Kc1 a3 49. Nb4+ Ka1 50. Nc2+ Ka2 51. Nb4+
Ka1 52. Nc2+ 1/2-1/2

[Event "Ä13Â"]
[Site "Loo"]
[Date "2017.04.25"]
[Round "6.5"]
[White "Ïàðñåãÿí, Êñåíèÿ."]
[Black "Àëåêñååíêî, Ìàðèÿ."]
[Result "1/2-1/2"]
[WhiteElo "1558"]
[BlackElo "1684"]
[PlyCount "99"]
[EventDate "2017.04.20"]

1. e4 c5 2. c3 d5 3. exd5 Qxd5 4. Nf3 Nc6 5. Na3 e6 6. d4 cxd4 7. Nb5 Bd6 8.
Nbxd4 Nxd4 9. Qxd4 Qxd4 10. Nxd4 a6 11. Be3 Nf6 12. O-O-O Ke7 13. Bc4 Bd7 14.
h3 Rhc8 15. Bb3 b5 16. Rhe1 Bc5 17. Nf5+ Kf8 18. Bxc5+ Rxc5 19. Ne3 Rc7 20. Bc2
h6 21. Re2 Bc6 22. Red2 Nd5 23. g3 Rac8 24. Nxd5 Bxd5 25. Kb1 a5 26. Bb3 Bc4
27. Bxc4 Rxc4 28. Rd4 R8c7 29. Rxc4 Rxc4 30. Rd3 Ke7 31. Kc2 h5 32. b3 Rc5 33.
a3 b4 34. axb4 axb4 35. c4 g6 36. Kd2 Ra5 37. Ke3 Rc5 38. Rd2 Ra5 39. Rd4 Rc5
40. h4 e5 41. Rd2 Ra5 42. Ke4 f5+ 43. Ke3 Ra3 44. Rb2 Kd6 45. Kd3 Kc5 46. Ke3
Kc6 47. Kd3 Ra8 48. Rc2 Kc5 49. Ke3 Ra3 50. Rb2 1/2-1/2